| 000 | 00000nam##2200000za#4500 |
| 001 | 9.535759 |
| 003 | CaOODSP |
| 005 | 20200327081322 |
| 007 | ta |
| 008 | 150406|2001||||xxc||||| f|0| 0 fre|d |
| 020 | |a0-660-61758-7 |
| 040 | |aCaOODSP|bfre |
| 041 | |aeng |
| 041 | |afre |
| 043 | |an-cn--- |
| 086 | 1 |aBT31-4/82-2001 |
| 110 | 1 |aCanada. |bConseil du trésor. |
| 245 | 13|aLe réseau du leadership |
| 260 | |aOttawa - Ontario : |bSecrétariat du Conseil du Trésor du Canada |c2001. |
| 300 | |aTexte français, 14p. : |borganigramme, tableaux ; |c28 cm. |
| 490 | 1 |aRapport sur le rendement pour la période se terminant le 31 mars 2001 |
| 546 | |aBilingue |
| 563 | |aCouverture souple |
| 590 | |a01-46|b2001-11-16 |
| 691 | 07|aPrévisions budgétaires|2gcpds |
| 691 | 07|aFonction publique|2gcpds |
| 691 | 07|aRéseau|2gcpds |
| 691 | 07|aLeadership|2gcpds |
| 776 | 0#|tThe Leadership Network, performance report for the period ending March 31, 2001 |w(CaOODSP)9.569285 |
| 776 | 0#|tLe Réseau du leadership, rapport sur le rendement pour la période se terminant le 31 mars 2001 |w(CaOODSP)9.600512 |
| 791 | |tThe Leadership Network |eeng|w(CaOODSP)9.535758 |
| 830 | #0|aRapport sur le rendement pour la période se terminant le 31 mars 2001.|w(CaOODSP)9.508981 |